La decada de Fernando Gonzalez : 1929-1939 (Registro nro. 64083)

Detalles MARC
001 - NÚMERO DE CONTROL
campo de control 44691
005 - FECHA Y HORA DE LA ÚLTIMA TRANSACCIÓN
campo de control 20260506072452.0
008 - DATOS DE LONGITUD FIJA--INFORMACIÓN GENERAL
campo de control de longitud fija 960313s1985 spa
035 ## - NÚMERO DE CONTROL DEL SISTEMA
Número de control de sistema 44691
035 ## - NÚMERO DE CONTROL DEL SISTEMA
Número de control de sistema (OCoLC)778107529
040 ## - FUENTE DE LA CATALOGACIÓN
Centro/agencia transcriptor comduadb
041 ## - CÓDIGO DE LENGUA
Código de lengua del texto/banda sonora o título independiente spa
080 ## - NÚMERO DE LA CLASIFICACIÓN DECIMAL UNIVERSAL
Número de la Clasificación Decimal Universal C/
100 10 - ENTRADA PRINCIPAL--NOMBRE DE PERSONA
Nombre de persona Pinto Saavedra, German Alberto
Código de función aut
Término indicativo de función/relación Autor/a
9 (RLIN) 249331
245 10 - MENCIÓN DE TÍTULO
Título La decada de Fernando Gonzalez : 1929-1939
260 ## - PUBLICACIÓN, DISTRIBUCIÓN, ETC.
Lugar de publicación, distribución, etc. Bogotá :
Nombre del editor, distribuidor, etc. [sin publicador],
Fecha de publicación, distribución, etc. 1985.
300 ## - DESCRIPCIÓN FÍSICA
Extensión 211 páginas
600 14 - PUNTO DE ACCESO ADICIONAL DE MATERIA--NOMBRE DE PERSONA
Nombre de persona González, Fernando,
Fechas asociadas al nombre 1895-1964
9 (RLIN) 568674
942 ## - ELEMENTOS DE ENTRADA AGREGADA (KOHA)
Tipo de ítem Koha Libros
Existencias
Estado de retiro Estado de pérdida Estado dañado No para préstamo Código de colección Localización permanente Ubicación/localización actual Fecha de adquisición Número de inventario Total de préstamos Signatura topográfica completa Código de barras Fecha visto por última vez Número de copia Precio válido a partir de Tipo de ítem Koha
        Colección de Literatura Latinoamericana (Piso 1) Biblioteca Carlos Gaviria Díaz, Campus Medellín Biblioteca Carlos Gaviria Díaz, Campus Medellín 03/08/1999 C74668   C864 G643d Zp 6-10000003348343 14/12/2023 1 21/04/2023 Libros